Los rosales. (Registro nro. 18180)

Detalles MARC
000 -CABECERA
Campo de control 00723caa a2200229 a 4500
005 - FECHA Y HORA DE LA ULTIMA TRANSACCION
Campo de control 20180209110130.0
008 - ELEMENTOS DE LONGITUD FIJA—INFORMACION GENERAL
Campo de control 160223s1949 ck r 00011 spa d
040 ## - FUENTE DE CATALOGACIÓN
Agencia catalogadora original Co-BoIAvH
Agencia transcriptora Co-BoIAvH
Agencia Modificadora Co-BoIAvH
041 0# - IDIOMA
Código de idioma para texto/pista de sonido o título separado Español
044 ## - PAÍS DE PUBLICACIÓN
País de publicación España
082 14 - NUMERO DE CLASIFICACION DECIMAL DEWEY
Número de clasificación 583.734
Número del ítem F94r
100 1# - ASIENTO PRINCIPAL--NOMBRE PERSONAL
Nombre personal Fuch, Henry
9 (RLIN) 62255
245 10 - MENCION DE TITULO
Título Los rosales.
260 ## - PUBLICACION, DISTRIBUCION, ETC. (PIE DE IMPRENTA)
Lugar de publicación, distribución, etc. Barcelona:
Nombre del editor, distribuidor, etc. Editorial Gustavo Gili,
Fecha de publicación, distribución, etc. 1949.
300 ## - DESCRIPCION FISICA
Extensión 238 páginas
546 ## - NOTA DE IDIOMA
Nota de idioma Traducción del fránces por Noel Clarasó
650 10 - ASIENTO SECUNDARIO DE MATERIA - TERMINO TEMATICO
Término temático o nombre geográfico como elemento de entrada Jardinería.
9 (RLIN) 89607
651 14 - ASIENTO SECUNDARIO DE MATERIA - NOMBRE GEOGRAFICO
Nombre geográfico Rosas
Subdivisión general botánica
9 (RLIN) 89608
700 1# - ASIENTO SECUNDARIO - NOMBRE PERSONAL
Nombre personal Clarasó, Noel
Término de relación traductor
9 (RLIN) 62258
773 0# - Item fuente:
Título Revista nacional de agricultura (Bogotá). -- Vol. 9, no. 118 (Abr. 1914). -- p. 337-339.
942 ## - ELEMENTOS ADICIONALES (KOHA)
Sistema de clasificación Dewey Decimal Classification
Tipo de ítem Libro
Existencias
Withdrawn status Lost status Sistema de Clasificación Damaged status No para préstamo Colección Inventariado Ubicación Permanente Ubicación actual Fecha de adquisición Fuente de Valor Total Checkouts Número topográfico Inventario / Código de Barras Date last seen Ejemplar Price effective from Forma de adquisición Tipo de material
    Dewey Decimal Classification     Fondo Ramiro Osorio Osma Inventariado 2017 Bogotá Bogotá 23/02/2016 Instituto   FRO-583.734 F94r 039688 23/02/2016 Ej. 1 23/02/2016   Libro